Conducción educativa y calidad de la enseñanza media /

Bibliographic Details
Main Author: Braslavsky, Cecilia
Other Authors: Tiramonti, Guillermina
Format: Libro
Language:English
Published: Buenos Aires Miño y Dávila 1990
Edition:1a.ed.
Subjects:
Online Access:

MARC

LEADER 00000cam a2200000 a 4500
001 016322
003 UAHC_CL
005 20170803121350.0
008 010822b xx j 000 1 eng
020 |a 9509467200 
040 |a UAHC_CL  |c UAHC_CL  |d UAHC_CL 
082 0 4 |a 373 B823 
100 1 |a Braslavsky, Cecilia 
245 1 0 |a Conducción educativa y calidad de la enseñanza media /  |c Cecilia Braslavsky. 
250 |a 1a.ed. 
260 |b Miño y Dávila  |c 1990  |a Buenos Aires 
300 |a 216 p. 
650 4 |a EDUCACION 
650 4 |a ENSEÑANZA MEDIA 
700 1 |a Tiramonti, Guillermina 
900 |a 373 BRA 
942 |c BK 
952 |0 0  |1 0  |4 0  |6 373_000000000000000_BRA  |7 0  |8 General  |9 32548  |a BC  |b BC  |c General  |d 2017-08-03  |o 373 BRA  |p 1307604  |r 2026-01-13 00:00:00  |t 1  |w 2017-08-03  |y BK 
999 |c 16322  |d 16322